|
|
|
|
| LEADER |
00909nab#a2200313#ar4500 |
| 001 |
000061601 |
| 003 |
SVKKK |
| 005 |
19960306xxxxxxx. |
| 008 |
06 c xo huno |
| FMT |
|
|
|
| 038 |
|
|
|a SVKKK
|
| 040 |
|
|
|a SVKKK
|b slo
|e AACR2
|
| 041 |
0 |
|
|a hun
|
| 044 |
|
|
|a xo
|c SK
|
| 080 |
|
|
|a 323.1
|
| 080 |
|
|
|a 373.5/.6:282
|
| 242 |
1 |
0 |
|a Národnostné hnutie
|
| 245 |
0 |
0 |
|a Nemzetiségi áradat
|
| 650 |
0 |
4 |
|a cirkev gréckokatolícka - Seminár, Veľký Varadín (R) - rumunština (jazyk vyučovací) - kritika - úvodníky
|
| 650 |
0 |
4 |
|a hnutie národnostné - vyučovanie nemaďarské - kritika - snahy maďarizačné - Uhorsko - rok 1913 - úvodníky
|
| 773 |
0 |
|
|t Rozsnyói Hiradó
|g Roč. 36, č. 44 (26.10.1913) s. 1 a 2
|
| 957 |
|
|
|a Uhorsko
|
| 957 |
|
|
|a Veľký Varadín (R)
|
| 958 |
|
|
|a CI
|
| 958 |
|
|
|a SK
|
| 974 |
|
|
|a ebl
|d 19960306
|
| 992 |
|
|
|a RBX
|
| BAS |
|
|
|
| 998 |
|
|
|a RETRO
|